[Event "Managua Olympiad Qual1"]
[Site "Managua"]
[Date "2022.05.17"]
[Round "2"]
[White "Fonseca Cabrera, Ernesto Gregorio"]
[Black "Espinoza, Felix"]
[Result "1/2-1/2"]
[WhiteElo "2187"]
[BlackElo "2101"]
[PlyCount "88"]
[EventDate "2022.05.16"]
[EventType "tourn"]
[EventRounds "9"]
[EventCountry "NCA"]
[SourceTitle "EXT 2023"]
[Source "ChessBase"]
[SourceDate "2022.10.05"]
[SourceVersion "1"]
[SourceVersionDate "2022.10.05"]
[SourceQuality "1"]

1. Nf3 Nf6 2. c4 g6 3. Nc3 Bg7 4. e4 d6 5. d4 0-0 6. Be2 Nbd7 7. 0-0 c5 8. e5 Ne8 9. exd6 Nxd6 10. dxc5 Nxc5 11. Be3 Nce4 12. Nxe4 Nxe4 13. Qc2 Nd6 14. Rad1 Qc7 15. Bf4 Bf5 16. Bxd6 exd6 17. Qd2 Rfd8 18. Nd4 Bd7 19. b3 a6 20. Nc2 Be6 21. Nb4 Qa5 22. Nd5 Qxd2 23. Rxd2 Bxd5 24. Rxd5 Bf6 25. Bf3 Rab8 26. Rfd1 Be7 27. a4 Kf8 28. Kf1 Rdc8 29. h4 h5 30. g4 hxg4 31. Bxg4 Rc5 32. h5 gxh5 33. Bxh5 Rbc8 34. Bg4 Rxd5 35. Rxd5 Rc5 36. Rxc5 dxc5 37. Bc8 a5 38. Bxb7 Bf6 39. Ke2 Ke7 40. Kd3 Bh4 41. f3 Kd6 42. Ke4 Be1 43. Kf5 Bc3 44. Bd5 f6 1/2-1/2

[Event "Managua Olympiad Qual1"]
[Site "Managua"]
[Date "2022.05.16"]
[Round "1"]
[White "Batres, Francisco"]
[Black "Fonseca Cabrera, Ernesto Gregorio"]
[Result "1/2-1/2"]
[WhiteElo "2041"]
[BlackElo "2187"]
[PlyCount "42"]
[EventDate "2022.05.16"]
[EventType "tourn"]
[EventRounds "9"]
[EventCountry "NCA"]
[SourceTitle "EXT 2023"]
[Source "ChessBase"]
[SourceDate "2022.10.05"]
[SourceVersion "1"]
[SourceVersionDate "2022.10.05"]
[SourceQuality "1"]

1. e4 c5 2. Nf3 Nc6 3. d4 cxd4 4. Nxd4 g6 5. Nc3 Bg7 6. Be3 Nf6 7. f3 d5 8. exd5 Nxd5 9. Nxd5 Qxd5 10. Nxc6 Qxc6 11. a4 0-0 12. Bb5 Qc7 13. c3 a6 14. Bd3 Rd8 15. Qc2 b6 16. 0-0 Bb7 17. Rad1 Rab8 18. Qf2 Bc8 19. Qe2 Ra8 20. Qf2 Rb8 21. Qe2 Ra8 1/2-1/2

[Event "NCA-ch final"]
[Site "Managua"]
[Date "2022.03.09"]
[Round "6"]
[White "Ortiz, Marcos"]
[Black "Fonseca Cabrera, Ernesto Gregorio"]
[Result "1/2-1/2"]
[WhiteElo "2258"]
[BlackElo "2194"]
[PlyCount "33"]
[EventDate "2022.03.05"]
[EventType "tourn"]
[EventRounds "11"]
[EventCountry "NCA"]
[SourceTitle "EXT 2023"]
[Source "ChessBase"]
[SourceDate "2022.10.05"]
[SourceVersion "1"]
[SourceVersionDate "2022.10.05"]
[SourceQuality "1"]

1. Nf3 Nf6 2. g3 g6 3. Bg2 Bg7 4. 0-0 0-0 5. d3 d6 6. c4 c6 7. Nc3 Qa5 8. Qa4 Qxa4 9. Nxa4 Nbd7 10. Rb1 Nb6 11. Nxb6 axb6 12. a3 e5 13. Be3 Ra6 14. Bd2 Ra8 15. Be3 Ra6 16. Bd2 Ra8 17. Be3 1/2-1/2

[Event "NCA-ch sf"]
[Site "Managua"]
[Date "2022.02.19"]
[Round "4"]
[White "Castillo Sevilla, Ian Eiffel"]
[Black "Fonseca Cabrera, Ernesto Gregorio"]
[Result "1/2-1/2"]
[WhiteElo "2062"]
[BlackElo "2194"]
[PlyCount "123"]
[EventDate "2022.02.12"]
[EventType "swiss"]
[EventRounds "9"]
[EventCountry "NCA"]
[SourceTitle "EXT 2023"]
[Source "ChessBase"]
[SourceDate "2022.10.05"]
[SourceVersion "1"]
[SourceVersionDate "2022.10.05"]
[SourceQuality "1"]

1. Nf3 d5 2. d4 Nf6 3. g3 e6 4. Bg2 Be7 5. 0-0 0-0 6. c4 dxc4 7. Qc2 a6 8. a4 Bd7 9. Qxc4 Bc6 10. Bg5 Bd5 11. Qc2 Be4 12. Qd1 c5 13. dxc5 Bxc5 14. Qxd8 Rxd8 15. Nc3 Bc6 16. Rfd1 Nbd7 17. Nd2 Bxg2 18. Kxg2 h6 19. Bxf6 Nxf6 20. Nb3 Bb4 21. Na2 Bf8 22. Rxd8 Rxd8 23. Rc1 Rd6 24. a5 b6 25. Rc8 bxa5 26. Nc3 Rb6 27. Nxa5 Rxb2 28. Nc6 g5 29. Nd4 Rd2 30. e3 Ng4 31. Ne4 Nxe3+ 32. Kf3 Rxd4 33. Kxe3 Ra4 34. Nf6+ Kg7 35. Nh5+ Kg6 36. Rxf8 Kxh5 37. Rxf7 e5 38. f3 Kg6 39. Re7 Ra1 40. Re6+ Kg7 41. Ke4 a5 42. Kf5 Rf1 43. Re7+ Kf8 44. Ra7 Rxf3+ 45. Kxe5 Rf2 46. Rxa5 Rxh2 47. Kf6 Ke8 48. Re5+ Kd7 49. Kg6 Kd6 50. Re8 Rh3 51. g4 Rh4 52. Kf5 Kd7 53. Re4 Rh2 54. Kg6 Kd6 55. Re8 Rh4 56. Kf5 Rh1 57. Kg6 Kd5 58. Rh8 Rh4 59. Rxh6 Rxg4 60. Rh5 Ke4 61. Rxg5 Rxg5+ 62. Kxg5 1/2-1/2

[Event "NCA-ch sf"]
[Site "Managua"]
[Date "2022.02.13"]
[Round "3"]
[White "Fonseca Cabrera, Ernesto Gregorio"]
[Black "Aburto, Santiago"]
[Result "1-0"]
[WhiteElo "2194"]
[BlackElo "1865"]
[PlyCount "79"]
[EventDate "2022.02.12"]
[EventType "swiss"]
[EventRounds "9"]
[EventCountry "NCA"]
[SourceTitle "EXT 2023"]
[Source "ChessBase"]
[SourceDate "2022.10.05"]
[SourceVersion "1"]
[SourceVersionDate "2022.10.05"]
[SourceQuality "1"]

1. d4 d5 2. c4 dxc4 3. Nf3 e6 4. e3 Nf6 5. Bxc4 a6 6. 0-0 b5 7. Bd3 Bb7 8. a4 b4 9. Qe2 c5 10. Rd1 Nbd7 11. e4 cxd4 12. Nxd4 Qc7 13. Nd2 Bd6 14. N4f3 Ng4 15. h3 Nge5 16. Nc4 Nxc4 17. Bxc4 Ne5 18. Bb3 0-0 19. Nd4 Rfe8 20. Bd2 Qb6 21. Be3 Qc7 22. Rac1 Qe7 23. f4 Ng6 24. f5 exf5 25. Nxf5 Qxe4 26. Nxd6 Qxe3+ 27. Qxe3 Rxe3 28. Bxf7+ Kh8 29. Nxb7 Nf4 30. Bc4 Rg3 31. Bf1 g5 32. Kh2 Rb3 33. Rd2 h5 34. g3 Ng6 35. Rc5 h4 36. Rxg5 hxg3+ 37. Rxg3 Rxg3 38. Kxg3 Rf8 39. Rd8 Rxd8 40. Nxd8 1-0

[Event "NCA-ch sf"]
[Site "Managua"]
[Date "2022.02.12"]
[Round "1"]
[White "Fonseca Cabrera, Ernesto Gregorio"]
[Black "Vanegas Lopez, Natanael Emanuel"]
[Result "1-0"]
[WhiteElo "2194"]
[BlackElo "1885"]
[PlyCount "97"]
[EventDate "2022.02.12"]
[EventType "swiss"]
[EventRounds "9"]
[EventCountry "NCA"]
[SourceTitle "EXT 2023"]
[Source "ChessBase"]
[SourceDate "2022.10.05"]
[SourceVersion "1"]
[SourceVersionDate "2022.10.05"]
[SourceQuality "1"]

1. e4 e5 2. Nf3 Nc6 3. Bb5 Nf6 4. 0-0 d6 5. d4 exd4 6. Nxd4 Bd7 7. Nc3 Nxd4 8. Bxd7+ Qxd7 9. Qxd4 Be7 10. Bg5 h6 11. Bf4 0-0 12. Rad1 Qg4 13. Bg3 Rfd8 14. Rd3 c6 15. Rfd1 b5 16. a3 Qe6 17. h3 d5 18. exd5 Nxd5 19. Nxd5 Rxd5 20. Qf4 Rad8 21. Rxd5 Rxd5 22. Rxd5 Qxd5 23. Qb8+ Kh7 24. Qxa7 Bf6 25. b3 Qd1+ 26. Kh2 Qxc2 27. Qxf7 Qc5 28. a4 bxa4 29. bxa4 Qa5 30. Qc4 c5 31. Bf4 Bd4 32. Be3 Bxe3 33. fxe3 Qb4 34. Qxb4 cxb4 35. a5 b3 36. a6 b2 37. a7 b1Q 38. a8Q Qf5 39. Qf3 Qe5+ 40. Qf4 Qe6 41. e4 Qb3 42. Qf5+ Kh8 43. Qd5 Qb8+ 44. e5 Kh7 45. Qd6 Qe8 46. Kg3 Kg8 47. h4 Qf8 48. Qxf8+ Kxf8 49. h5 1-0

[Event "Managua Hurtado Memorial"]
[Site "Managua"]
[Date "2021.12.30"]
[Round "9"]
[White "Fonseca Cabrera, Ernesto Gregorio"]
[Black "Giron, Jorge Ernesto"]
[Result "1/2-1/2"]
[WhiteElo "2169"]
[BlackElo "2233"]
[PlyCount "54"]
[EventDate "2021.12.26"]
[EventType "tourn"]
[EventRounds "9"]
[EventCountry "NCA"]
[SourceTitle "CBM 206 Extra"]
[Source "ChessBase"]
[SourceDate "2022.03.31"]
[SourceVersion "1"]
[SourceVersionDate "2022.03.31"]
[SourceQuality "1"]

1. d4 Nf6 2. Nf3 b6 3. Bf4 Bb7 4. h3 g6 5. e3 Bg7 6. Nbd2 0-0 7. Be2 d6 8. Bh2 Nbd7 9. 0-0 Ne4 10. Nxe4 Bxe4 11. Nd2 Bb7 12. Bf3 Bxf3 13. Nxf3 e5 14. dxe5 Nxe5 15. Nxe5 Bxe5 16. Bxe5 dxe5 17. Qxd8 Rfxd8 18. Rfd1 Kf8 19. Kf1 Ke7 20. Ke2 Rxd1 21. Rxd1 Rd8 22. Rxd8 Kxd8 23. e4 Kd7 24. Kd2 Ke7 25. Ke2 Kd7 26. Kd2 Ke7 27. Ke2 Kd7 1/2-1/2

[Event "Managua Hurtado Memorial"]
[Site "Managua"]
[Date "2021.12.29"]
[Round "7"]
[White "Izaba, Rodolfo"]
[Black "Fonseca Cabrera, Ernesto Gregorio"]
[Result "1/2-1/2"]
[WhiteElo "2052"]
[BlackElo "2169"]
[PlyCount "112"]
[EventDate "2021.12.26"]
[EventType "tourn"]
[EventRounds "9"]
[EventCountry "NCA"]
[SourceTitle "CBM 206 Extra"]
[Source "ChessBase"]
[SourceDate "2022.03.31"]
[SourceVersion "1"]
[SourceVersionDate "2022.03.31"]
[SourceQuality "1"]

1. e4 e5 2. Nf3 Nf6 3. Nc3 Nc6 4. d3 d5 5. Bg5 dxe4 6. dxe4 Qxd1+ 7. Rxd1 Bb4 8. Bb5 0-0 9. Bxf6 Bxc3+ 10. bxc3 gxf6 11. Nd2 Ne7 12. 0-0 f5 13. Rfe1 f4 14. h3 Ng6 15. Nf3 Be6 16. a3 Rfd8 17. Ng5 Nf8 18. Rd3 c6 19. Red1 Rxd3 20. Bxd3 Rd8 21. Rb1 b6 22. Kh2 f6 23. Nf3 Nd7 24. Rg1 Nc5 25. Ne1 Na4 26. g3 fxg3+ 27. Rxg3+ Kf8 28. Ng2 Nxc3 29. f4 Nb5 30. fxe5 fxe5 31. Rg5 Nxa3 32. Rxe5 Bg8 33. Rf5+ Ke7 34. Rg5 a5 35. Nf4 Nxc2 36. Bxc2 Rd2+ 37. Rg2 Rxg2+ 38. Kxg2 b5 39. Nd3 a4 40. Nc5 Kd6 41. Nxa4 bxa4 42. Bxa4 c5 43. Kf3 Ke5 44. Ke3 c4 45. Bd1 Be6 46. h4 Bd7 47. Be2 c3 48. Bc4 Ba4 49. Kd3 c2 50. Kd2 h6 51. Bd3 h5 52. Be2 Bb5 53. Bxb5 c1Q+ 54. Kxc1 Kxe4 55. Be2 Kf5 56. Bxh5 Ke5 1/2-1/2

[Event "Managua Hurtado Memorial"]
[Site "Managua"]
[Date "2021.12.26"]
[Round "1"]
[White "Simplina, Amor"]
[Black "Fonseca Cabrera, Ernesto Gregorio"]
[Result "0-1"]
[WhiteElo "2040"]
[BlackElo "2169"]
[PlyCount "126"]
[EventDate "2021.12.26"]
[EventType "tourn"]
[EventRounds "9"]
[EventCountry "NCA"]
[SourceTitle "CBM 206 Extra"]
[Source "ChessBase"]
[SourceDate "2022.03.31"]
[SourceVersion "1"]
[SourceVersionDate "2022.03.31"]
[SourceQuality "1"]

1. d4 Nf6 2. Nf3 d5 3. e3 e6 4. Bd3 c5 5. b3 Nc6 6. Bb2 Bd6 7. Nbd2 Qe7 8. Ne5 cxd4 9. exd4 Ba3 10. Bxa3 Qxa3 11. Nxc6 bxc6 12. 0-0 0-0 13. Qe2 c5 14. c3 cxd4 15. cxd4 Bb7 16. h3 Rac8 17. g4 Qb4 18. Qe3 Rfd8 19. a3 Qb6 20. b4 a5 21. bxa5 Qxa5 22. Nb3 Qa7 23. Nc5 Nd7 24. Nxb7 Qxb7 25. Rfb1 Qa7 26. a4 Nb6 27. a5 Nc4 28. Qf4 Rc6 29. Rb5 Rcd6 30. Rab1 R6d7 31. R1b3 g6 32. Qf6 Nd6 33. h4 Nxb5 34. Rxb5 Qc7 35. h5 Ra8 36. Kg2 Qd8 37. Qf4 Qc7 38. Qf6 Qd8 39. Qf4 Rda7 40. a6 Qc7 41. Qf6 Qe7 42. Qe5 f6 43. Rb8+ Kg7 44. Qg3 Rxb8 45. Qxb8 Qc7 46. Qe8 Qd7 47. Qb8 e5 48. Be2 exd4 49. Qf4 Qe7 50. h6+ Kf7 51. Bf3 Qe5 52. Qxe5 fxe5 53. Bxd5+ Kf6 54. Bb7 Kg5 55. Kf3 Kxh6 56. Ke4 Kg5 57. Bc8 h6 58. f4+ exf4 59. Kxd4 Kh4 60. Kd3 Kg3 61. Bb7 Kxg4 62. Ke2 Kg3 63. Kf1 g5 0-1

[Event "NCA-chT final"]
[Site "Managua"]
[Date "2021.10.16"]
[Round "1.1"]
[White "Fonseca Cabrera, Ernesto Gregorio"]
[Black "Sanchez, Gabriel Ivan"]
[Result "1-0"]
[WhiteElo "2142"]
[BlackElo "1760"]
[PlyCount "119"]
[EventDate "2021.10.16"]
[EventType "team-tourn"]
[EventRounds "11"]
[EventCountry "NCA"]
[SourceTitle "EXT 2023"]
[Source "ChessBase"]
[SourceDate "2022.10.05"]
[SourceVersion "1"]
[SourceVersionDate "2022.10.05"]
[SourceQuality "1"]
[WhiteTeam "Blitz Friends"]
[BlackTeam "Surnrise CC"]
[WhiteTeamCountry "NCA"]
[BlackTeamCountry "NCA"]

1. d4 Nf6 2. g3 g6 3. Bg2 Bg7 4. e4 d6 5. Nc3 0-0 6. Nge2 c5 7. dxc5 dxc5 8. Be3 Qa5 9. 0-0 Nc6 10. Nd5 e6 11. Bd2 Qd8 12. Nxf6+ Bxf6 13. Rb1 Nd4 14. c3 Nxe2+ 15. Qxe2 Qc7 16. Rfd1 e5 17. Bh6 Re8 18. Qf3 Bg7 19. Bg5 Be6 20. b3 Bf8 21. Bf1 Be7 22. Bf6 Red8 23. Bc4 Rxd1+ 24. Rxd1 Bxc4 25. bxc4 Re8 26. Rd5 Bxf6 27. Qxf6 b6 28. h4 Qe7 29. Qc6 Kg7 30. h5 Qe6 31. Rd6 Qe7 32. Rd7 Qe6 33. Qxe6 Rxe6 34. hxg6 hxg6 35. Rxa7 Rd6 36. Kg2 Rd2 37. Ra6 Rc2 38. Ra3 Kf8 39. Kf3 Ke7 40. Ke3 Kd6 41. f4 f5 42. Rb3 exf4+ 43. Kxf4 fxe4 44. Rxb6+ Ke7 45. Kxe4 Rxc3 46. Kd5 Rxg3 47. Kxc5 g5 48. a4 Ra3 49. Kb4 Ra1 50. Rg6 Kd7 51. Rxg5 Kc7 52. a5 Kb7 53. Rb5+ Kc6 54. Rb6+ Kc7 55. Rh6 Kb7 56. Kb5 Rb1+ 57. Kc5 Ra1 58. Rh7+ Kb8 59. Kc6 Rxa5 60. Kb6 1-0

[Event "NCA Selectivo II Etapa"]
[Site "Managua"]
[Date "2021.07.11"]
[Round "9"]
[White "Espinoza, Jose"]
[Black "Fonseca Cabrera, Ernesto Gregorio"]
[Result "0-1"]
[WhiteElo "2147"]
[BlackElo "2186"]
[PlyCount "96"]
[EventDate "2021.07.03"]
[EventType "tourn"]
[EventRounds "9"]
[EventCountry "NCA"]
[SourceTitle "EXT 2022"]
[Source "ChessBase"]
[SourceDate "2021.10.06"]
[SourceVersion "1"]
[SourceVersionDate "2021.10.06"]
[SourceQuality "1"]

1. e4 e5 2. Nf3 Nf6 3. Nxe5 d6 4. Nf3 Nxe4 5. d3 Nf6 6. d4 Be7 7. c4 0-0 8. Be2 d5 9. Nc3 Nc6 10. h3 h6 11. 0-0 Be6 12. c5 Ne4 13. Bf4 f5 14. Ne5 Bf6 15. Nxc6 bxc6 16. f3 Ng5 17. Qa4 Bf7 18. Rad1 Qd7 19. Bd3 g6 20. Rfe1 Rfb8 21. Rd2 Ne6 22. Be5 Bg5 23. Rde2 f4 24. Ba6 Ng7 25. Qa5 Nf5 26. Bxc7 Nxd4 27. Rd2 Re8 28. Rxe8+ Qxe8 29. Ne2 Qe3+ 30. Kh2 Nxf3+ 31. gxf3 Qf2+ 32. Kh1 Qxf3+ 33. Kh2 Qf2+ 34. Kh1 f3 35. Nf4 Qe1+ 36. Kh2 f2 37. Kg2 Qg1+ 38. Kf3 f1Q+ 39. Bxf1 Qxf1+ 40. Rf2 Qh1+ 41. Kg3 Re8 42. Qc3 Re4 43. Qf3 Qg1+ 44. Rg2 Qc1 45. Re2 Qg1+ 46. Rg2 Qxc5 47. Kh2 Qe7 48. Bb8 Qd8 0-1

[Event "Managua Ramirez de Arellano Memorial"]
[Site "Managua"]
[Date "2021.07.11"]
[Round "2"]
[White "Fonseca Cabrera, Ernesto Gregorio"]
[Black "Avalos, Carlos"]
[Result "1-0"]
[WhiteElo "2186"]
[BlackElo "1837"]
[PlyCount "69"]
[EventDate "2021.07.10"]
[EventType "swiss"]
[EventRounds "9"]
[EventCountry "NCA"]
[SourceTitle "EXT 2023"]
[Source "ChessBase"]
[SourceDate "2022.10.05"]
[SourceVersion "1"]
[SourceVersionDate "2022.10.05"]
[SourceQuality "1"]

1. e4 e5 2. Nf3 Nf6 3. Nxe5 d6 4. Nf3 Nxe4 5. Nc3 Nxc3 6. dxc3 Be7 7. Be3 Nc6 8. Qd2 Be6 9. 0-0-0 Qd7 10. Bb5 a6 11. Ba4 0-0-0 12. Nd4 b5 13. Bb3 Bxb3 14. Nxb3 Bf6 15. Qd5 Rhe8 16. Na5 Qe6 17. Nxc6 Qxd5 18. Rxd5 Rd7 19. Rdd1 Kb7 20. Na5+ Kb8 21. Rhe1 c5 22. Nb3 Kc7 23. Bf4 Rxe1 24. Rxe1 Kc6 25. Nd2 d5 26. Nf3 h6 27. Be5 Bd8 28. Bxg7 f6 29. Bxh6 Bc7 30. Re6+ Rd6 31. Rxd6+ Bxd6 32. h4 Kd7 33. h5 Ke6 34. g4 Kf7 35. Kd2 1-0

[Event "NCA Selectivo II Etapa"]
[Site "Managua"]
[Date "2021.07.08"]
[Round "6"]
[White "Sanchez, Steven"]
[Black "Fonseca Cabrera, Ernesto Gregorio"]
[Result "1-0"]
[WhiteElo "2028"]
[BlackElo "2186"]
[PlyCount "167"]
[EventDate "2021.07.03"]
[EventType "tourn"]
[EventRounds "9"]
[EventCountry "NCA"]
[SourceTitle "EXT 2022"]
[Source "ChessBase"]
[SourceDate "2021.10.06"]
[SourceVersion "1"]
[SourceVersionDate "2021.10.06"]
[SourceQuality "1"]

1. c4 e6 2. Nf3 d5 3. g3 dxc4 4. Na3 a6 5. Nxc4 b5 6. Ne3 Bb7 7. Bg2 Nf6 8. 0-0 Nbd7 9. a4 c5 10. d3 Be7 11. Qb3 Qb6 12. Bd2 0-0 13. Rfc1 Bc6 14. Qd1 Qb7 15. Qe1 Nb6 16. a5 Nbd7 17. Bc3 Rac8 18. Qf1 Rfd8 19. b3 Nd5 20. Bd2 Bf6 21. Rab1 h5 22. Nxd5 Bxd5 23. e4 Bc6 24. Be3 Be7 25. Qe2 g6 26. Rd1 Qa8 27. Qd2 c4 28. bxc4 bxc4 29. Bg5 f6 30. Be3 cxd3 31. Qa2 Nf8 32. Nd2 Bb5 33. Bh6 Rc2 34. Qb3 Qc8 35. Bh3 Kf7 36. Bxf8 Bxf8 37. e5 f5 38. Nf3 Be7 39. Rb2 Qc5 40. Rd2 Rc8 41. Bf1 Rc3 42. Qa2 Ra3 43. Qb1 Qd5 44. Ne1 Qxe5 45. Bxd3 Rac3 46. Rd1 Ba4 47. Bc2 Bxc2 48. Nxc2 Qxa5 49. Nd4 Qa4 50. Rbd2 Qc4 51. Qb7 Rc1 52. Nf3 Rxd1+ 53. Rxd1 Rc7 54. Ne5+ Kf6 55. Nd7+ Kg7 56. Qb2+ Qc3 57. Qe2 Bf6 58. Qxe6 Qc6 59. Rd6 Qc1+ 60. Kg2 Qg5 61. Nxf6 Rf7 62. Nd5 f4 63. h4 f3+ 64. Kh3 Qf5+ 65. Qxf5 Rxf5 66. Nf4 Rf6 67. Rd3 a5 68. Rxf3 a4 69. Ra3 Ra6 70. Nd5 Rd6 71. Nc3 Rd3 72. Kg2 g5 73. hxg5 Kg6 74. Kf1 Rd7 75. Ne4 Rd4 76. f3 Kf5 77. Ke2 Rb4 78. Kd3 Ke5 79. Kc3 Rd4 80. g6 Rd7 81. Rxa4 Rg7 82. Ra5+ Ke6 83. f4 Rb7 84. Nc5+ 1-0

[Event "Managua Gomez Argenal Memorial"]
[Site "Managua"]
[Date "2021.06.06"]
[Round "4"]
[White "Ortiz, Marcos"]
[Black "Fonseca Cabrera, Ernesto Gregorio"]
[Result "1/2-1/2"]
[WhiteElo "2202"]
[BlackElo "2204"]
[PlyCount "61"]
[EventDate "2021.05.29"]
[EventType "swiss"]
[EventRounds "9"]
[EventCountry "NCA"]
[SourceTitle "EXT 2022"]
[Source "ChessBase"]
[SourceDate "2021.10.06"]
[SourceVersion "1"]
[SourceVersionDate "2021.10.06"]
[SourceQuality "1"]

1. c4 e6 2. Nf3 d5 3. g3 Nf6 4. Bg2 Be7 5. 0-0 0-0 6. b3 c5 7. Bb2 Nc6 8. e3 b6 9. Qe2 Ba6 10. Nc3 Rc8 11. d3 dxc4 12. bxc4 Qc7 13. Ne1 Rcd8 14. f4 Bb7 15. g4 Nb4 16. Rd1 Bxg2 17. Nxg2 a6 18. a3 Nc6 19. g5 Ne8 20. Rf3 Nd6 21. Rh3 g6 22. Ba1 f6 23. Qg4 Qd7 24. gxf6 Bxf6 25. Ne1 b5 26. Nf3 Nf5 27. Ng5 h5 28. Qe2 Bxg5 29. fxg5 Nd6 30. Rf3 Rxf3 31. Qxf3 1/2-1/2

[Event "Managua NCA Select-1"]
[Site "Managua"]
[Date "2021.05.15"]
[Round "7"]
[White "Ortiz, Marcos"]
[Black "Fonseca Cabrera, Ernesto Gregorio"]
[Result "1/2-1/2"]
[WhiteElo "2202"]
[BlackElo "2028"]
[PlyCount "60"]
[EventDate "2021.05.10"]
[EventType "tourn"]
[EventRounds "9"]
[EventCountry "NCA"]
[SourceTitle "EXT 2022"]
[Source "ChessBase"]
[SourceDate "2021.10.06"]
[SourceVersion "1"]
[SourceVersionDate "2021.10.06"]
[SourceQuality "1"]

1. e4 e5 2. Nf3 Nf6 3. Nxe5 d6 4. Nf3 Nxe4 5. Qe2 Qe7 6. d3 Nf6 7. Bg5 Qxe2+ 8. Bxe2 Be7 9. Nc3 h6 10. Bd2 a6 11. h3 Nc6 12. 0-0-0 Be6 13. Rde1 0-0-0 14. d4 d5 15. a3 Rhe8 16. Bd3 Kb8 17. g4 Nd7 18. Ne2 Nb6 19. Nf4 Bc8 20. c3 Bf8 21. Rxe8 Rxe8 22. Re1 Rxe1+ 23. Nxe1 Bd7 24. Bf1 Nd8 25. Ned3 c6 26. Ne5 Be8 27. Nfd3 Nd7 28. Bf4 Nxe5 29. Nxe5 Kc8 30. Bg3 f6 1/2-1/2

[Event "Managua NCA Select-1"]
[Site "Managua"]
[Date "2021.05.10"]
[Round "1"]
[White "Fonseca Cabrera, Ernesto Gregorio"]
[Black "Espinoza, Jose"]
[Result "1-0"]
[WhiteElo "2028"]
[BlackElo "2156"]
[PlyCount "131"]
[EventDate "2021.05.10"]
[EventType "tourn"]
[EventRounds "9"]
[EventCountry "NCA"]
[SourceTitle "EXT 2022"]
[Source "ChessBase"]
[SourceDate "2021.10.06"]
[SourceVersion "1"]
[SourceVersionDate "2021.10.06"]
[SourceQuality "1"]

1. Nf3 Nf6 2. c4 g6 3. Nc3 Bg7 4. g3 d6 5. Bg2 0-0 6. 0-0 Nc6 7. d3 e5 8. Rb1 a5 9. a3 h6 10. b4 axb4 11. axb4 Ne7 12. Bd2 Be6 13. Qc2 c6 14. b5 Qc7 15. bxc6 bxc6 16. Rfc1 Rfb8 17. Ne1 Rxb1 18. Rxb1 Rb8 19. Qc1 Rxb1 20. Nxb1 Nf5 21. Nf3 e4 22. dxe4 Nxe4 23. Be1 Qb6 24. g4 Ne7 25. Qc2 d5 26. cxd5 cxd5 27. h3 Nc6 28. e3 Kh7 29. Na3 Qa6 30. Bf1 Qxa3 31. Qxc6 Qa1 32. Qa6 Qc1 33. Qe2 Qa1 34. Qa6 Qc1 35. Qe2 Bf6 36. Kg2 Kg7 37. Nd4 Bd7 38. f3 Nd6 39. Bd2 Qc5 40. Qd3 Nc4 41. Qc3 Nxe3+ 42. Qxe3 Qxd4 43. Qxh6+ Kg8 44. Qe3 Qb2 45. Qe2 Bb5 46. Qxb5 Qxd2+ 47. Qe2 Qf4 48. Kh1 Kg7 49. Qf2 Bd4 50. Qe2 Be5 51. Qf2 g5 52. Bd3 Bd4 53. Qe2 Kf6 54. Kg2 Be5 55. Kf1 Qg3 56. Qg2 Qh4 57. Ke2 Bc3 58. Qf1 Qg3 59. Kd1 Qh2 60. Qe2 Qxh3 61. Kc2 Be5 62. Kb3 Qh8 63. Bb5 Ke6 64. Qd3 Kd6 65. Qf5 Qb8 66. Qd7+ 1-0

[Event "NCA-chT Final"]
[Site "Managua"]
[Date "2020.10.31"]
[Round "6.1"]
[White "Fonseca Cabrera, Ernesto Gregorio"]
[Black "Robleto, Oscar"]
[Result "1-0"]
[WhiteElo "2222"]
[BlackElo "2100"]
[PlyCount "54"]
[EventDate "2020.10.24"]
[EventType "team-tourn"]
[EventRounds "11"]
[EventCountry "NCA"]
[SourceTitle "EXT 2022"]
[Source "ChessBase"]
[SourceDate "2021.10.06"]
[SourceVersion "1"]
[SourceVersionDate "2021.10.06"]
[SourceQuality "1"]

1. e4 e5 2. Nf3 d6 3. d4 exd4 4. Nxd4 Nf6 5. Nc3 Be7 6. Qf3 0-0 7. Nf5 Bxf5 8. Qxf5 Qd7 9. Qxd7 Nbxd7 10. Bd2 Rfe8 11. 0-0-0 a6 12. f3 Rad8 13. a4 Ne5 14. Be3 h6 15. h3 c5 16. Be2 Bf8 17. Nd5 Nxd5 18. Rxd5 Nc6 19. Rhd1 Nb4 20. R5d2 Nc6 21. Bf1 Nd4 22. Bc4 b5 23. axb5 axb5 24. Bd5 Re7 25. c3 Ne6 26. Bxe6 Rxe6 27. e5 g5 1-0

[Event "NCA-chT Final"]
[Site "Managua"]
[Date "2020.10.24"]
[Round "1.1"]
[White "Fonseca Cabrera, Ernesto Gregorio"]
[Black "Granados Ortiz, Fidel"]
[Result "1/2-1/2"]
[WhiteElo "2222"]
[BlackElo "2013"]
[PlyCount "57"]
[EventDate "2020.10.24"]
[EventType "team-tourn"]
[EventRounds "11"]
[EventCountry "NCA"]
[SourceTitle "EXT 2022"]
[Source "ChessBase"]
[SourceDate "2021.10.06"]
[SourceVersion "1"]
[SourceVersionDate "2021.10.06"]
[SourceQuality "1"]

1. d4 d5 2. c4 c6 3. Nc3 Nf6 4. e3 e6 5. Nf3 Nbd7 6. Bd3 Bd6 7. e4 dxe4 8. Nxe4 Nxe4 9. Bxe4 Nf6 10. Bc2 Qc7 11. 0-0 b6 12. Re1 0-0 13. Bg5 Nd7 14. Qd3 g6 15. Bh6 Re8 16. Qe4 Bb7 17. Qh4 e5 18. Rad1 Be7 19. Qh3 Bf6 20. Ng5 exd4 21. Nxh7 Bh8 22. Ng5 c5 23. Ba4 Bc6 24. Bxc6 Qxc6 25. Qh4 Nf6 26. Nf3 Re4 27. Rxe4 Qxe4 28. Qg3 Re8 29. h3 1/2-1/2